Chloritoid-pyrophyllite-muscovite schists in the Western Gemeric: mineral equilibria and protoliths

Bibliographic Details
Main Authors: OLGA TIMOFEEVNA UNANOVA (Author), Grecula, Pavol (Author), SERGEI PETROVICH KORIKOVSKY (Author), VLADIMIR ALEKSANDROVICH BORONICHIN (Author)
Format: Article
Language:English

MARC

LEADER 00000nab a2200000uu 4500
001 vtls010890464
003 SK-MaSNL
005 20260303145253.0
008 230222|1992 xo |||||||||||||||||eng|
015 |a SNBRB 
035 |a (urnnbn)urn:nbn:sk:snk:ar-0078r9 
035 |a (uuid)154e325e-329a-445c-8424-0c2f0548dc2b 
035 |a urn:nbn:sk:snk-ab8khi 
040 |a SNKBUCL  |b slo  |c SNKBUCL  |e AACR2 
041 0 |a eng 
044 |a xo  |c SK 
100 1 |a OLGA TIMOFEEVNA UNANOVA  |4 aut  |9 1167683 
245 1 0 |a Chloritoid-pyrophyllite-muscovite schists in the Western Gemeric: mineral equilibria and protoliths  |c Pavol Grecula, Olga Timofeevna Unanova, Sergei Petrovich Korikovsky, Vladimir Aleksandrovich Boronichin 
700 1 |a Grecula, Pavol  |4 aut  |9 513702 
700 1 |a SERGEI PETROVICH KORIKOVSKY  |4 aut  |9 1158044 
700 1 |a VLADIMIR ALEKSANDROVICH BORONICHIN  |4 aut  |9 1167684 
773 0 |t Mineralia Slovaca : časopis pre regionálnu a environmentálnu geológiu a aktivity Slovenskej geologickej spoločnosti a geologických asociácií  |g Roč. 24, č. 1-2 (1992), s. [29]-37 
958 |a OND 
958 |a EUIPO 
958 |a article10 
999 |c 2001877  |d 2003807